[Event "19th EUR-ch"]
[Site "Batumi GEO"]
[Date "2018.03.19"]
[Round "3.122"]
[White "Bosman, Michiel"]
[Black "Ahmadzada, Ahmad"]
[Result "1-0"]
[WhiteElo "2398"]
[BlackElo "2283"]
[EventDate "2018.03.17"]
[PlyCount "83"]

1.d4 Nf6 2.Nf3 c5 3.d5 e6 4.Nc3 exd5 5.Nxd5 Nxd5 6.Qxd5 Nc6 7.e4 Nb4 8.Qb3
d5 9.a3 c4 10.Qc3 dxe4 11.Nd2 Nd5 12.Qe5+ Be7 13.Bxc4 Nf6 14.O-O Qd6 15.
Qxd6 Bxd6 16.Re1 Bf5 17.Nxe4 Bxe4 18.f3 O-O 19.fxe4 Rfe8 20.Bd3 Re6 21.Bg5
Rae8 22.Bxf6 Rxf6 23.Rad1 Be5 24.Bb5 Rc8 25.c3 Rb6 26.Rd5 f6 27.Re2 a6 28.
Bd3 Bf4 29.Rc2 Kf8 30.b4 Re6 31.c4 b6 32.g3 Be5 33.Kf2 Ke7 34.Ke3 Bd6 35.
Kf3 a5 36.bxa5 Bxa3 37.Ra2 Bc5 38.a6 Rec6 39.e5 g6 40.exf6+ Kxf6 41.Be4 
Be7 42.a7 1-0

[Event "19th EUR-ch"]
[Site "Batumi GEO"]
[Date "2018.03.19"]
[Round "3.123"]
[White "Henseler, Jorgen"]
[Black "Tutisani, Noe"]
[Result "0-1"]
[WhiteElo "2043"]
[BlackElo "2394"]
[EventDate "2018.03.17"]
[PlyCount "80"]

1.e4 c5 2.Nf3 d6 3.d4 cxd4 4.Nxd4 Nf6 5.Nc3 g6 6.Be3 Bg7 7.f3 Nc6 8.Qd2 
O-O 9.Bc4 Nxd4 10.Bxd4 Be6 11.Bb3 Qa5 12.O-O-O b5 13.Kb1 b4 14.Bxf6 Bxf6 
15.Nd5 Bxd5 16.Qxd5 Qb6 17.h4 a5 18.Ba4 Rac8 19.h5 Rc5 20.Qd2 g5 21.h6 
Rfc8 22.Rc1 Qc7 23.Rhe1 Kh8 24.Qf2 Rg8 25.g3 Rg6 26.Qh2 Qb6 27.Rcd1 Qb8 
28.f4 Qf8 29.Rh1 gxf4 30.gxf4 Qg8 31.Rhg1 Rh5 32.Qxh5 Rxg1 33.Kc1 Qg3 34.
Rxg1 Qxg1+ 35.Kd2 Qd4+ 36.Ke2 Qxe4+ 37.Kd1 Qxf4 38.Bb3 Bg5 39.Ke2 d5 40.
Qh3 Qe4+ 0-1

[Event "19th EUR-ch"]
[Site "Batumi GEO"]
[Date "2018.03.19"]
[Round "3.124"]
[White "Rzayev, Bahruz"]
[Black "Mkrtchian, Sargis"]
[Result "1-0"]
[WhiteElo "2390"]
[BlackElo "2224"]
[EventDate "2018.03.17"]
[PlyCount "91"]

1.d4 Nf6 2.c4 g6 3.f3 Bg7 4.e4 d6 5.Ne2 O-O 6.Be3 c5 7.Qd2 Nc6 8.d5 Ne5 9.
Nec3 e6 10.Be2 exd5 11.cxd5 a6 12.a4 Bd7 13.O-O b5 14.axb5 axb5 15.Rxa8 
Qxa8 16.Nxb5 Qa6 17.N1c3 Rb8 18.h3 Bxb5 19.Nxb5 Rxb5 20.f4 Nxe4 21.Qc2 Ng3
22.fxe5 Bxe5 23.Bxb5 Qxb5 24.Re1 Qb4 25.Bf2 Qf4 26.Be3 Qb4 27.Bf2 Qf4 28.
Be3 Qb4 29.Qd2 Qxd2 30.Bxd2 Bxb2 31.Bf4 Nf5 32.g4 g5 33.Bxg5 Nd4 34.Kg2 
Bc3 35.Re8+ Kg7 36.Bf4 Nb5 37.Rd8 Ba5 38.Rd7 Bc7 39.h4 c4 40.Kf1 c3 41.Ke2
c2 42.Kd2 Ba5+ 43.Kxc2 h5 44.gxh5 Bc3 45.h6+ Kg8 46.h5 1-0

[Event "19th EUR-ch"]
[Site "Batumi GEO"]
[Date "2018.03.19"]
[Round "3.125"]
[White "Ahadzade, Kanan"]
[Black "Nesterov, Arseniy"]
[Result "0-1"]
[WhiteElo "1965"]
[BlackElo "2388"]
[EventDate "2018.03.17"]
[PlyCount "82"]

1.e4 e5 2.Nc3 Nf6 3.g3 d5 4.exd5 Nxd5 5.Bg2 Nxc3 6.bxc3 Bc5 7.Nf3 Nc6 8.
O-O O-O 9.Re1 Bg4 10.h3 Bh5 11.Qe2 Re8 12.Qc4 Bb6 13.d3 e4 14.dxe4 Bxf3 
15.Bxf3 Qf6 16.Kg2 Qxf3+ 17.Kxf3 Ne5+ 18.Kg2 Nxc4 19.Rb1 f6 20.Rb4 Nd6 21.
f3 Ba5 22.Rb3 b5 23.Bf4 a6 24.Bxd6 cxd6 25.Rd1 f5 26.Rxd6 fxe4 27.fxe4 
Rxe4 28.Ra3 Bc7 29.Rc6 Be5 30.Rcxa6 Rxa6 31.Rxa6 Bxc3 32.Kf3 Ra4 33.Rxa4 
bxa4 34.Ke4 Kf7 35.Kd5 Bb2 36.Kc4 Ke6 37.Kb5 a3 38.c4 Kd6 39.c5+ Ke6 40.c6
Be5 41.Kb4 Bxg3 0-1

[Event "19th EUR-ch"]
[Site "Batumi GEO"]
[Date "2018.03.19"]
[Round "3.126"]
[White "Hayrapetyan, Artavazd R."]
[Black "Melkonyan, Arshak"]
[Result "1-0"]
[WhiteElo "2370"]
[BlackElo "2082"]
[EventDate "2018.03.17"]
[PlyCount "82"]

1.d4 d5 2.Nf3 c6 3.e3 e6 4.Bd3 f5 5.c4 Nf6 6.O-O Bd6 7.b3 Qe7 8.Bb2 O-O 9.
Qc1 b6 10.Ba3 c5 11.cxd5 Nxd5 12.dxc5 bxc5 13.Nc3 Nxc3 14.Qxc3 Nd7 15.Rad1
Bb7 16.Be2 Nf6 17.Bb2 Ne4 18.Qa5 Rfd8 19.Qa4 Rac8 20.Ne5 Nf6 21.Ba6 Nd5 
22.Bxb7 Qxb7 23.Qc4 Qc7 24.Nf3 Qe7 25.Rc1 Nb6 26.Qe2 a5 27.e4 Qf7 28.Rfd1 
f4 29.Qb5 Rb8 30.e5 Nd5 31.Qa4 Bf8 32.Qc4 Rb4 33.Qf1 Ra8 34.Ra1 c4 35.bxc4
Nb6 36.Bc3 Rxc4 37.Bd4 Rb4 38.a3 Rb3 39.Rd2 Rxa3 40.Rxa3 Bxa3 41.Bxb6 Qb7 
1-0

[Event "19th EUR-ch"]
[Site "Batumi GEO"]
[Date "2018.03.19"]
[Round "3.127"]
[White "Kacharava, Nikolozi"]
[Black "Asatrian, Gor"]
[Result "1-0"]
[WhiteElo "2362"]
[BlackElo "1852"]
[EventDate "2018.03.17"]
[PlyCount "61"]

1.e4 c5 2.Nf3 Nc6 3.d4 cxd4 4.Nxd4 Nf6 5.Nc3 e6 6.Ndb5 Bc5 7.Bf4 O-O 8.Bc7
Qe7 9.Bd6 Bxd6 10.Qxd6 Qd8 11.Nc7 Rb8 12.Be2 a6 13.e5 Ne8 14.Nxe8 Rxe8 15.
Bf3 b5 16.Bxc6 Rb6 17.Rd1 Rxc6 18.Qxc6 dxc6 19.Rxd8 Rxd8 20.Ke2 f5 21.Rd1 
Rxd1 22.Nxd1 c5 23.b3 Bb7 24.f3 Bd5 25.Nb2 c4 26.Ke3 cxb3 27.axb3 Kf7 28.
Kd4 Ke7 29.Kc5 Bb7 30.Kb6 Bc8 31.Nd3 1-0

[Event "19th EUR-ch"]
[Site "Batumi GEO"]
[Date "2018.03.19"]
[Round "3.128"]
[White "Valiyev, Shahin"]
[Black "Mindlin, Alon"]
[Result "0-1"]
[WhiteElo "1634"]
[BlackElo "2442"]
[EventDate "2018.03.17"]
[PlyCount "58"]

1.e4 e5 2.Nf3 Nc6 3.Bb5 a6 4.Ba4 Nf6 5.d3 b5 6.Bb3 Be7 7.O-O d6 8.Nc3 O-O 
9.Nd5 Na5 10.Nxe7+ Qxe7 11.c3 Nxb3 12.axb3 h6 13.Re1 c5 14.h3 Nh7 15.d4 
Bb7 16.d5 f5 17.exf5 Rxf5 18.c4 Raf8 19.Be3 Rxf3 20.gxf3 Qh4 21.Kg2 bxc4 
22.bxc4 Rf6 23.Qd3 Qh5 24.Bd2 Nf8 25.Ra3 Ng6 26.Re4 Bc8 27.Kf1 Bxh3+ 28.
Ke2 Bg2 29.b4 Qh1 0-1

[Event "19th EUR-ch"]
[Site "Batumi GEO"]
[Date "2018.03.19"]
[Round "3.129"]
[White "Mazur, Stefan"]
[Black "Mochalin, Faddey"]
[Result "1-0"]
[WhiteElo "2439"]
[BlackElo "2110"]
[EventDate "2018.03.17"]
[PlyCount "131"]

1.e4 e6 2.d3 c5 3.Nf3 Nc6 4.g3 g6 5.Bg2 Bg7 6.O-O Nge7 7.Re1 d6 8.c3 O-O 
9.Na3 Rb8 10.d4 cxd4 11.cxd4 e5 12.d5 Nb4 13.Be3 Ra8 14.Qd2 Na6 15.Rac1 b6
16.b4 Bd7 17.Nc4 Nc8 18.Nb2 Nc7 19.a4 f6 20.Nh4 Rf7 21.f4 Bh6 22.Rf1 Ne8 
23.Rf2 Rb8 24.Bf1 Qe7 25.f5 Bxe3 26.Qxe3 g5 27.Nf3 Qd8 28.Rfc2 h6 29.Ba6 
Ne7 30.Qd3 Kg7 31.Nd2 Kf8 32.Nb1 Kg7 33.Na3 Kf8 34.Kg2 Rg7 35.Qe2 Rh7 36.
Rc3 h5 37.Qc2 Kg8 38.Nd1 Kf8 39.Ne3 Kg8 40.Kf2 Kf8 41.Ng2 Kg8 42.Qd1 Kf8 
43.Be2 a5 44.Qb3 Ng8 45.Ne3 h4 46.Kg2 Ne7 47.Bb5 hxg3 48.hxg3 axb4 49.Qxb4
Nc8 50.Bc6 Na7 51.Nb5 Nxb5 52.Qxb5 Rf7 53.Rh1 Kg7 54.Qe2 Kf8 55.Rh8+ Ke7 
56.Qb5 Qc7 57.Qb4 Qd8 58.Nc4 Qc7 59.Na3 Rc8 60.Nb5 Qb8 61.Bxd7 Kxd7 62.Rc6
Rd8 63.Rc7+ Qxc7 64.Nxc7 Nxc7 65.Rxd8+ Kxd8 66.Qxd6+ 1-0

[Event "19th EUR-ch"]
[Site "Batumi GEO"]
[Date "2018.03.19"]
[Round "3.130"]
[White "Tate, Alan"]
[Black "Vardanian, Hamazasp"]
[Result "1-0"]
[WhiteElo "2399"]
[BlackElo "2109"]
[EventDate "2018.03.17"]
[PlyCount "36"]

1.Nf3 f5 2.d3 d6 3.e4 e5 4.Nc3 Nc6 5.exf5 Bxf5 6.d4 exd4 7.Nxd4 Nxd4 8.
Qxd4 c6 9.Bd3 Bxd3 10.Qxd3 Nf6 11.O-O Be7 12.Ne2 O-O 13.b3 Re8 14.c4 Qd7 
15.Be3 b6 16.Rfd1 Rad8 17.Rd2 Qb7 18.Nc3 d5 1-0

[Event "19th EUR-ch"]
[Site "Batumi GEO"]
[Date "2018.03.19"]
[Round "3.131"]
[White "Huber, Martin Christian"]
[Black "Samadov, Read"]
[Result "1-0"]
[WhiteElo "2372"]
[BlackElo "2099"]
[EventDate "2018.03.17"]
[PlyCount "79"]

1.d4 Nf6 2.c4 g6 3.Nc3 Bg7 4.e4 d6 5.Be2 O-O 6.Be3 e5 7.d5 a5 8.g4 Na6 9.
h4 Nc5 10.f3 Ne8 11.h5 f5 12.hxg6 hxg6 13.gxf5 gxf5 14.Qd2 f4 15.Bf2 Bd7 
16.O-O-O Qe7 17.Nh3 Bxh3 18.Rxh3 Nf6 19.Rg1 Kf7 20.Nb5 b6 21.Bf1 Qd7 22.
Rh4 Rh8 23.Bh3 Qxh3 24.Rxh3 Rxh3 25.Nxc7 Rg8 26.Bxc5 bxc5 27.Qxa5 Rxf3 28.
Nb5 Rg3 29.Nxd6+ Kg6 30.Qe1 Bh6 31.Nf5 Rxg1 32.Qxg1+ Kh7 33.Qh1 Rg6 34.d6 
Nd7 35.Qh3 Nf6 36.d7 Nxd7 37.Nxh6 Rxh6 38.Qxd7+ Kh8 39.Qe8+ Kh7 40.Qxe5 
1-0

[Event "19th EUR-ch"]
[Site "Batumi GEO"]
[Date "2018.03.19"]
[Round "3.132"]
[White "Day, Thomas W."]
[Black "Gharibian, Mamikon"]
[Result "0-1"]
[WhiteElo "2083"]
[BlackElo "2312"]
[EventDate "2018.03.17"]
[PlyCount "101"]

1.d4 Nf6 2.c4 e6 3.Nc3 Bb4 4.f3 d5 5.Bg5 h6 6.Bh4 c5 7.cxd5 exd5 8.e3 Nc6 
9.a3 Ba5 10.Ne2 cxd4 11.Nxd4 O-O 12.Bb5 Nxd4 13.Qxd4 g5 14.Bf2 a6 15.Ba4 
Be6 16.Rc1 Rc8 17.Bb3 Bb6 18.Qd3 d4 19.Bxe6 dxe3 20.Qg6+ Kh8 21.Qxh6+ Nh7 
22.Bxe3 Bxe3 23.Rd1 Qb6 24.Nd5 Bf2+ 25.Kf1 Qxe6 26.Qxe6 fxe6 27.Ne7 Rc2 
28.Ng6+ Kg7 29.Nxf8 Nxf8 30.b4 e5 31.g3 Bd4 32.f4 gxf4 33.gxf4 Rf2+ 34.Ke1
Rxf4 35.Ke2 Ne6 36.Kd3 b5 37.Rdf1 Rh4 38.Kd2 Rh3 39.Rf5 Kg6 40.Rff1 Nf4 
41.Kc2 Kf5 42.Rd1 Ke4 43.Rde1+ Kd5 44.Rd1 Kc4 45.Rb1 Rxa3 46.h4 Ra2+ 47.
Kd1 Be3 48.h5 Rd2+ 49.Ke1 Nd3+ 50.Kf1 Rf2+ 51.Kg1 0-1

[Event "19th EUR-ch"]
[Site "Batumi GEO"]
[Date "2018.03.19"]
[Round "3.133"]
[White "Shevelev, Arkady"]
[Black "Grinev, Boris"]
[Result "1-0"]
[WhiteElo "2309"]
[BlackElo "2092"]
[EventDate "2018.03.17"]
[PlyCount "89"]

1.e4 c5 2.Nf3 Nc6 3.d4 cxd4 4.Nxd4 e5 5.Nf3 Nf6 6.Nc3 Bb4 7.Bc4 O-O 8.O-O 
Bxc3 9.bxc3 Nxe4 10.Re1 Nc5 11.Nxe5 Nxe5 12.Rxe5 d6 13.Bg5 Qd7 14.Re7 Qf5 
15.Bh4 Be6 16.Bxe6 Nxe6 17.Qd3 Qf4 18.Bg3 Qf6 19.Qxd6 Rad8 20.Qa3 Rd2 21.
Rxb7 Rxc2 22.Rc1 Rd8 23.h3 Rcd2 24.Qxa7 h5 25.Qe3 h4 26.Be5 Qg6 27.Rb8 
Rxb8 28.Qxd2 Rd8 29.Qe2 Qg5 30.Qe3 Qf5 31.Re1 Qc2 32.Qe4 Qxa2 33.Qxh4 Rd2 
34.Bd4 Re2 35.Rxe2 Qxe2 36.Qg4 Qe1+ 37.Kh2 Qc1 38.h4 Kf8 39.Qe4 g5 40.Bf6 
Qa3 41.hxg5 Qd6+ 42.g3 Ke8 43.Qa4+ Qd7 44.Qa8+ Nd8 45.Qxd8+ 1-0

[Event "19th EUR-ch"]
[Site "Batumi GEO"]
[Date "2018.03.19"]
[Round "3.134"]
[White "Nuber, Blasius"]
[Black "Ziroian, David"]
[Result "1-0"]
[WhiteElo "2284"]
[BlackElo "2080"]
[EventDate "2018.03.17"]
[PlyCount "87"]

1.e4 e6 2.d3 d5 3.Nd2 Nf6 4.Ngf3 c5 5.g3 Nc6 6.Bg2 Be7 7.O-O Qc7 8.Re1 
dxe4 9.dxe4 O-O 10.c3 Rd8 11.Qe2 b6 12.e5 Nd7 13.h4 a5 14.h5 Ba6 15.Qe4 
Nf8 16.Nc4 b5 17.Ne3 b4 18.Bf1 bxc3 19.bxc3 Bxf1 20.Kxf1 Na7 21.Rb1 Rab8 
22.Bd2 Rxb1 23.Rxb1 Rb8 24.Nc4 Qc6 25.Re1 Qxe4 26.Rxe4 Nc6 27.h6 g6 28.Bg5
Nd7 29.Re2 Nb6 30.Bxe7 Nxc4 31.Bxc5 Rb5 32.Bd4 a4 33.Ng5 f6 34.Nxe6 fxe5 
35.Bc5 a3 36.Kg2 Kf7 37.Ng5+ Kg8 38.Re4 Rxc5 39.Ne6 Nd2 40.Nxc5 Nxe4 41.
Nxe4 Na5 42.Kf3 Nb3 43.Ke3 Nc5 44.Nxc5 1-0

[Event "19th EUR-ch"]
[Site "Batumi GEO"]
[Date "2018.03.19"]
[Round "3.135"]
[White "Sargissian, Sargis"]
[Black "Morozov, Vitalij"]
[Result "1-0"]
[WhiteElo "2284"]
[BlackElo "2039"]
[EventDate "2018.03.17"]
[PlyCount "109"]

1.e4 c5 2.Ne2 d6 3.Nbc3 Nf6 4.d4 cxd4 5.Nxd4 a6 6.a3 e5 7.Nf5 Nxe4 8.Nxg7+
Bxg7 9.Nxe4 d5 10.Bg5 f6 11.Qh5+ Kf8 12.Be3 Be6 13.Nc5 Bf7 14.Qf5 Qe8 15.
Nxb7 Be6 16.Qf3 Nd7 17.Nc5 Nxc5 18.Bxc5+ Kg8 19.Be2 h5 20.Rd1 Rd8 21.O-O 
Qg6 22.Bc4 e4 23.Qb3 Qf7 24.Bxa6 Kh7 25.Bd4 Rhg8 26.Be2 Qg6 27.Qg3 Qf5 28.
f3 Bh6 29.fxe4 Qxe4 30.Bd3 Rxg3 31.hxg3 f5 32.Bxe4 dxe4 33.Kf2 Rc8 34.c3 
Bb3 35.Ra1 h4 36.gxh4 f4 37.g4 Bc4 38.g5 Bf8 39.h5 Bd6 40.Rae1 e3+ 41.Kf3 
Bd5+ 42.Kg4 Be6+ 43.Kh4 Rc4 44.a4 Rxa4 45.Ra1 e2 46.Rfc1 Rxd4 47.cxd4 f3 
48.Ra7+ Kg8 49.Ra8+ Kf7 50.Ra7+ Ke8 51.h6 f2 52.h7 f1=Q 53.h8=Q+ Bf8 54.
Rc8+ Bxc8 55.Qe5+ 1-0

[Event "19th EUR-ch"]
[Site "Batumi GEO"]
[Date "2018.03.19"]
[Round "3.136"]
[White "Paramzina, Anastasya"]
[Black "Soyunlu, Narmin"]
[Result "1/2-1/2"]
[WhiteElo "2281"]
[BlackElo "2035"]
[EventDate "2018.03.17"]
[PlyCount "72"]

1.e4 e5 2.Nf3 Nc6 3.Bc4 Bc5 4.d3 Nf6 5.O-O a6 6.c3 d6 7.Bb3 Ba7 8.h3 O-O 
9.Re1 Be6 10.Bc2 d5 11.Ng5 Qd7 12.Nd2 Rfe8 13.Qf3 dxe4 14.dxe4 Na5 15.Nxe6
Qxe6 16.Nf1 Nc4 17.Bb3 b5 18.Nd2 Nd7 19.Qe2 Ndb6 20.a4 Qc6 21.axb5 axb5 
22.Nxc4 Nxc4 23.Bxc4 bxc4 24.Be3 Bxe3 25.Qxe3 Rab8 26.Ra5 Rb5 27.Rea1 Rd8 
28.Qd2 Rdb8 29.Rxb5 Qxb5 30.Qd5 Qxd5 31.exd5 Kf8 32.Ra7 Rxb2 33.Rxc7 Rb1+ 
34.Kh2 Rd1 35.Rxc4 Rxd5 36.f4 exf4 1/2-1/2

[Event "19th EUR-ch"]
[Site "Batumi GEO"]
[Date "2018.03.19"]
[Round "3.137"]
[White "Hakobyan, Hovhannes H."]
[Black "Turan, Asim"]
[Result "0-1"]
[WhiteElo "2280"]
[BlackElo "2024"]
[EventDate "2018.03.17"]
[PlyCount "82"]

1.e4 e5 2.Bc4 Nf6 3.d3 Nc6 4.Nc3 Bc5 5.f4 d6 6.f5 Na5 7.Qf3 Nxc4 8.dxc4 c6
9.Bg5 a6 10.a4 Qb6 11.Nge2 Qxb2 12.Rb1 Qxc2 13.g4 Bd4 14.Bd2 Nd7 15.h4 Nc5
16.Rh3 Nb3 17.Rd1 Bc5 18.Be3 Bb4 19.Bb6 O-O 20.f6 Nd4 21.Nxd4 exd4 22.Rxd4
Bxc3+ 23.Qxc3 Qb1+ 24.Kd2 Qxb6 25.Rxd6 Qf2+ 26.Kc1 Qf4+ 27.Qd2 Qxd2+ 28.
Kxd2 Bxg4 29.Rb3 Rfd8 30.c5 Rxd6+ 31.cxd6 b5 32.e5 g6 33.Kc3 Kf8 34.Kd4 
Ke8 35.Kc5 Kd7 36.Kb6 bxa4 37.Rg3 h5 38.Kb7 Re8 39.Re3 c5 40.Kxa6 Rb8 41.
Ka7 Rb3 0-1

[Event "19th EUR-ch"]
[Site "Batumi GEO"]
[Date "2018.03.19"]
[Round "3.138"]
[White "Mikadze, Miranda"]
[Black "Tarun, Kanyamarala"]
[Result "1/2-1/2"]
[WhiteElo "2268"]
[BlackElo "1920"]
[EventDate "2018.03.17"]
[PlyCount "173"]

1.d4 d5 2.Nf3 Nf6 3.Bf4 e6 4.e3 c5 5.c3 Nc6 6.Nbd2 cxd4 7.exd4 Nh5 8.Be3 
Bd6 9.Ne5 g6 10.Nd3 O-O 11.Be2 Ng7 12.Nf3 f6 13.b4 Qe7 14.O-O Nf5 15.Bf4 
e5 16.dxe5 fxe5 17.Bg5 Qg7 18.Nc5 Qf7 19.Bb5 h6 20.Bc1 e4 21.Ne1 Ne5 22.f4
Nc6 23.Nc2 Be6 24.Nxe6 Qxe6 25.Ne3 Nce7 26.Kh1 Rac8 27.Qe1 Nxe3 28.Bxe3 a6
29.Ba4 Nf5 30.Bg1 Be7 31.Bb3 Bf6 32.Rc1 Rfd8 33.g4 Ne7 34.f5 gxf5 35.gxf5 
Nxf5 36.Qf2 Bg5 37.Rce1 Rf8 38.Qg2 Kh7 39.c4 Nh4 40.Qe2 dxc4 41.Rxf8 Rxf8 
42.Bxc4 Qf5 43.Qxe4 Qxe4+ 44.Rxe4 Nf3 45.Bc5 Rd8 46.Re2 Rd1+ 47.Kg2 Nd4 
48.Rf2 b5 49.Bf7 Be3 50.Bh5 Rd3 51.Rf7+ Kg8 52.Ra7 Nc2 53.Rxa6 Bxc5 54.
bxc5 Rc3 55.c6 Nb4 56.Ra8+ Kg7 57.Be8 Nxc6 58.Rc8 Rc2+ 59.Kg3 Rc3+ 60.Kf4 
Nd4 61.Rxc3 Ne2+ 62.Ke5 Nxc3 63.a3 Nb1 64.Bxb5 Nxa3 65.Bd3 Kf7 66.Kf5 Kg7 
67.Ke6 h5 68.h4 Kh6 69.Kf5 Kg7 70.Kg5 Kg8 71.Kxh5 Kg7 72.Kg5 Kg8 73.Kh6 
Kh8 74.Kg6 Kg8 75.Kf6 Kh8 76.h5 Kg8 77.Kg6 Kh8 78.Kf5 Kg7 79.Kg5 Kg8 80.
Kf6 Kh8 81.h6 Kg8 82.Ke7 Nc4 83.Kf6 Ne3 84.Kg6 Ng4 85.h7+ Kh8 86.Bf5 Nf6 
87.Kxf6 1/2-1/2

[Event "19th EUR-ch"]
[Site "Batumi GEO"]
[Date "2018.03.19"]
[Round "3.139"]
[White "Manafov, Vugar"]
[Black "Naqopia, Giorgi"]
[Result "0-1"]
[WhiteElo "2263"]
[BlackElo "1849"]
[EventDate "2018.03.17"]
[PlyCount "90"]

1.Nf3 Nf6 2.g3 b5 3.Bg2 Bb7 4.d3 c5 5.O-O e6 6.Nbd2 Be7 7.a4 a6 8.e4 d5 9.
Qe2 O-O 10.e5 Nfd7 11.Re1 Nc6 12.Nf1 Nb6 13.axb5 axb5 14.Bd2 Qc7 15.h4 Nd7
16.Bf4 Rfc8 17.N1h2 c4 18.d4 c3 19.b3 Qb6 20.Be3 b4 21.h5 Ba6 22.Qd1 Bb5 
23.h6 g6 24.Ng4 Ra3 25.Qc1 Rca8 26.Rb1 Ra2 27.Bf1 Bxf1 28.Kxf1 Na7 29.Re2 
Nb5 30.Bg5 Qd8 31.Qf4 Bxg5 32.Nxg5 Qe7 33.Nf6+ Nxf6 34.exf6 Qd6 35.Qg4 Ra1
36.Rxa1 Rxa1+ 37.Kg2 Nc7 38.Qf3 Ra2 39.Nh3 Nb5 40.Qd3 Qb6 41.Nf4 Ra8 42.
Re1 Nxd4 43.Qe3 Qa7 44.Nxd5 Nxc2 45.Qxa7 Nxe1+ 0-1

[Event "19th EUR-ch"]
[Site "Batumi GEO"]
[Date "2018.03.19"]
[Round "3.140"]
[White "Ismayilov, Muhammad"]
[Black "Olcum, Ahmet"]
[Result "1/2-1/2"]
[WhiteElo "2021"]
[BlackElo "2257"]
[EventDate "2018.03.17"]
[PlyCount "77"]

1.e4 d6 2.d4 Nf6 3.Nc3 g6 4.f4 Bg7 5.Nf3 O-O 6.e5 dxe5 7.fxe5 Nd5 8.Bc4 
Be6 9.Qe2 c5 10.Bxd5 Bxd5 11.Nxd5 Qxd5 12.c4 Qd7 13.d5 e6 14.d6 f6 15.Bf4 
fxe5 16.Bxe5 Bxe5 17.Qxe5 Rf5 18.Qe4 Nc6 19.Rd1 Raf8 20.O-O Rf4 21.Qe2 
R8f6 22.g3 R4f5 23.Qe3 e5 24.g4 Rf4 25.Nxe5 Rxf1+ 26.Rxf1 Rxf1+ 27.Kxf1 
Qxd6 28.Nxc6 Qxc6 29.Qf4 h6 30.Kf2 Kg7 31.Ke3 Qb6 32.Qe5+ Kf7 33.Qf4+ Kg7 
34.Qe5+ Kg8 35.Qe8+ Kg7 36.Qe7+ Kg8 37.Qe8+ Kg7 38.Qe7+ Kg8 39.Qe8+ 
1/2-1/2

[Event "19th EUR-ch"]
[Site "Batumi GEO"]
[Date "2018.03.19"]
[Round "3.141"]
[White "Tsvetkov, Andrey"]
[Black "Tsotsonava, Elene"]
[Result "1-0"]
[WhiteElo "2252"]
[BlackElo "1789"]
[EventDate "2018.03.17"]
[PlyCount "81"]

1.d4 Nf6 2.c4 e6 3.Nc3 Bb4 4.e3 c5 5.Ne2 cxd4 6.exd4 d5 7.c5 Ne4 8.Bd2 
Nxd2 9.Qxd2 a5 10.a3 Bxc3 11.Nxc3 a4 12.Bd3 O-O 13.O-O Bd7 14.Rac1 Nc6 15.
Bc2 Ne7 16.Qd3 g6 17.Qg3 Nc6 18.Rcd1 Na5 19.Bxa4 Nc4 20.Bxd7 Qxd7 21.b3 
Nxa3 22.Qd3 Ra5 23.Ra1 Rfa8 24.Na4 Nc4 25.Qc3 R5a6 26.g3 Qc7 27.Rfc1 Na5 
28.Nb6 R8a7 29.Qb2 Nc6 30.Rxa6 Rxa6 31.Rd1 Ne7 32.b4 Nc8 33.Nxc8 Qxc8 34.
b5 Ra4 35.Ra1 Qa8 36.Rxa4 Qxa4 37.c6 Qc4 38.cxb7 Qc7 39.b6 Qxb7 40.Qb4 Kg7
41.Qc5 1-0

[Event "19th EUR-ch"]
[Site "Batumi GEO"]
[Date "2018.03.19"]
[Round "3.142"]
[White "Aleksanian, Hrant"]
[Black "Suleymanli, Suleyman"]
[Result "1-0"]
[WhiteElo "2250"]
[BlackElo "1763"]
[EventDate "2018.03.17"]
[PlyCount "55"]

1.d4 d5 2.Nf3 c6 3.c4 Nf6 4.Qc2 e6 5.g3 Nbd7 6.Bg2 Be7 7.O-O O-O 8.Nbd2 b6
9.e4 Ba6 10.b3 c5 11.Rd1 cxd4 12.Nxd4 Rc8 13.exd5 exd5 14.Bb2 Qc7 15.Rac1 
dxc4 16.Nc6 Rfe8 17.Nxc4 Bc5 18.b4 Bxb4 19.Qa4 Bxc4 20.Qxb4 b5 21.Ne7+ Kh8
22.Nxc8 Qxc8 23.Bf1 Nb6 24.Bxf6 gxf6 25.a4 Qf5 26.Bxc4 bxc4 27.a5 Re2 28.
Qf8# 1-0

[Event "19th EUR-ch"]
[Site "Batumi GEO"]
[Date "2018.03.19"]
[Round "3.143"]
[White "Janiashvili, Mariami"]
[Black "Abdulla, Khayala"]
[Result "1/2-1/2"]
[WhiteElo "1987"]
[BlackElo "2248"]
[EventDate "2018.03.17"]
[PlyCount "66"]

1.d4 Nf6 2.c4 e6 3.Nf3 d5 4.Nc3 Be7 5.cxd5 exd5 6.Bg5 c6 7.Qc2 O-O 8.e3 
Na6 9.Bxa6 bxa6 10.Ne5 Qd6 11.O-O c5 12.Bf4 Nh5 13.dxc5 Qxc5 14.Nd3 Qc4 
15.Ne5 Qc5 16.Nd3 Qc6 17.Be5 Bf5 18.Qe2 Rad8 19.Qxh5 Bxd3 20.Rfd1 Bg6 21.
Qf3 f6 22.Bd4 Rd7 23.Rac1 Qe6 24.Ne2 Be4 25.Qg3 Bd6 26.Rc6 Rfd8 27.Bc5 
Bxg3 28.Rxe6 Be5 29.Rxa6 Rc8 30.Rxa7 Rxa7 31.Bxa7 Bxb2 32.Bd4 Rc2 33.Bxb2 
Rxe2 1/2-1/2

[Event "19th EUR-ch"]
[Site "Batumi GEO"]
[Date "2018.03.19"]
[Round "3.144"]
[White "Babukhadia, Levan"]
[Black "Kubicka, Anna"]
[Result "0-1"]
[WhiteElo "1968"]
[BlackElo "2235"]
[EventDate "2018.03.17"]
[PlyCount "100"]

1.e4 d6 2.d4 Nf6 3.Nc3 e5 4.Nf3 Nbd7 5.Bc4 Be7 6.O-O O-O 7.Re1 c6 8.a4 a5 
9.h3 h6 10.Be3 Re8 11.Qd2 Bf8 12.Rad1 Qc7 13.d5 Nb6 14.Bf1 Bd7 15.b3 Rec8 
16.Rc1 cxd5 17.Bxb6 Qxc3 18.exd5 Qxd2 19.Nxd2 Nxd5 20.Be3 Nxe3 21.fxe3 d5 
22.c4 Bb4 23.Red1 Be6 24.Kf2 f6 25.Rb1 Bf7 26.Be2 Bg6 27.Rb2 dxc4 28.Bxc4+
Bf7 29.Bxf7+ Kxf7 30.Nc4 Rd8 31.Rbb1 Rac8 32.e4 Ke6 33.Kf3 h5 34.Rd5 Rxd5 
35.exd5+ Ke7 36.Rd1 Rd8 37.Ke4 g6 38.g3 Bc3 39.g4 hxg4 40.hxg4 Rh8 41.Rd3 
Bd4 42.Nxa5 f5+ 43.gxf5 Rh4+ 44.Kf3 e4+ 45.Kg3 exd3 46.Nc4 Bf6 47.Kf3 gxf5
48.Ke3 Rh3+ 49.Kd2 Bg5+ 50.Kd1 Rh1# 0-1

[Event "19th EUR-ch"]
[Site "Batumi GEO"]
[Date "2018.03.19"]
[Round "3.145"]
[White "Sahin, Ozgun"]
[Black "Pipia, Ekaterine"]
[Result "1-0"]
[WhiteElo "2201"]
[BlackElo "1737"]
[EventDate "2018.03.17"]
[PlyCount "79"]

1.e4 c5 2.c3 d5 3.exd5 Qxd5 4.d4 Nf6 5.Nf3 Bg4 6.Be2 e6 7.Na3 Nc6 8.O-O 
Be7 9.Be3 cxd4 10.Nb5 Qd8 11.Nbxd4 Nxd4 12.Bxd4 O-O 13.Qa4 Qd7 14.Bb5 Qd5 
15.Ne5 Bh5 16.Bc4 Qd8 17.b4 a6 18.b5 axb5 19.Qxb5 Qc7 20.Rab1 Bd6 21.f4 
Rfc8 22.Bd3 Rxa2 23.Qxb7 Raa8 24.Qxc7 Rxc7 25.Rb5 Rac8 26.Rfb1 Nd5 27.Nc4 
Bxf4 28.g3 Bh6 29.Nd6 Rd8 30.c4 Be3+ 31.Bxe3 Nxe3 32.Rb8 Rd7 33.c5 Bf3 34.
Kf2 Nf5 35.Bxf5 Bd5 36.Bg4 g6 37.Bf3 Rxb8 38.Rxb8+ Kg7 39.Bxd5 exd5 40.
Ne8+ 1-0

[Event "19th EUR-ch"]
[Site "Batumi GEO"]
[Date "2018.03.19"]
[Round "3.146"]
[White "Yeremian, Alen"]
[Black "Burnett, Andrew"]
[Result "1/2-1/2"]
[WhiteElo "1961"]
[BlackElo "2183"]
[EventDate "2018.03.17"]
[PlyCount "145"]

1.e4 c5 2.Nf3 d6 3.d4 cxd4 4.Nxd4 Nf6 5.Nc3 Nc6 6.Be3 Ng4 7.Bg5 Qb6 8.Bb5 
Bd7 9.O-O Qxd4 10.Bxc6 Qxd1 11.Bxd7+ Kxd7 12.Raxd1 h6 13.Bc1 g5 14.h3 Ne5 
15.Be3 Rg8 16.Nd5 Bg7 17.Bd4 e6 18.Ne3 Ke7 19.c4 Rac8 20.b3 h5 21.Rd2 g4 
22.hxg4 hxg4 23.Rfd1 Nf3+ 24.gxf3 gxf3 25.Kf1 Rh8 26.Ke1 Rh1+ 27.Nf1 Rch8 
28.Rd3 Rxf1+ 29.Kd2 Rxd1+ 30.Kxd1 Bxd4 31.Rxd4 Rh2 32.Ke1 Rh4 33.Kd2 f5 
34.Ke3 e5 35.Rd5 Rxe4+ 36.Kxf3 Re1 37.a4 a6 38.b4 Ke6 39.b5 Rc1 40.bxa6 
bxa6 41.Ra5 Rxc4 42.Rxa6 Rc3+ 43.Ke2 e4 44.Ra8 f4 45.a5 Ra3 46.a6 Ra2+ 47.
Ke1 Kd5 48.a7 f3 49.Kd1 Ra1+ 50.Kd2 Kd4 51.Rd8 Rxa7 52.Rxd6+ Ke5 53.Rd8 
Ra2+ 54.Ke1 Ra5 55.Re8+ Kd4 56.Rd8+ Rd5 57.Ra8 Rc5 58.Rd8+ Kc3 59.Re8 Rc4 
60.Rd8 Kc2 61.Rb8 Kc1 62.Re8 Kc2 63.Rb8 Kc3 64.Re8 Rd4 65.Rc8+ Kd3 66.Ra8 
Rb4 67.Rd8+ Kc4 68.Rc8+ Kd5 69.Rd8+ Ke6 70.Re8+ Kf7 71.Re5 Kf6 72.Ra5 Rb2 
73.Rc5 1/2-1/2

[Event "19th EUR-ch"]
[Site "Batumi GEO"]
[Date "2018.03.19"]
[Round "3.147"]
[White "Trisha, Kanyamarala"]
[Black "Utiatskaja, Irina"]
[Result "1/2-1/2"]
[WhiteElo "1956"]
[BlackElo "2165"]
[EventDate "2018.03.17"]
[PlyCount "134"]

1.Nf3 g6 2.c4 Bg7 3.Nc3 c5 4.g3 Nc6 5.Bg2 e6 6.O-O Nge7 7.d3 O-O 8.a3 b6 
9.Rb1 Bb7 10.Bd2 d5 11.cxd5 Nxd5 12.Qc1 Rc8 13.Nxd5 Qxd5 14.Bc3 Nd4 15.
Bxd4 Bxd4 16.Ne1 Qd7 17.Bxb7 Qxb7 18.Nf3 Bg7 19.Qf4 Rfd8 20.Rfc1 Qe7 21.
Rc2 e5 22.Qc4 Qb7 23.Qh4 Re8 24.Ng5 h6 25.Ne4 Qd7 26.Nc3 f5 27.Qc4+ Kh7 
28.Rbc1 Rcd8 29.Qa4 Qxa4 30.Nxa4 e4 31.dxe4 Rxe4 32.Nc3 Red4 33.Kg2 Rd2 
34.Na4 R8d4 35.Nc3 Rxc2 36.Rxc2 Rc4 37.e3 b5 38.Rd2 Bxc3 39.bxc3 Rxc3 40.
Rd7+ Kg8 41.Rxa7 Rb3 42.Rc7 c4 43.a4 bxa4 44.Rxc4 a3 45.Ra4 Kf7 46.Ra6 h5 
47.h4 Ke7 48.Rxg6 a2 49.Ra6 Rb2 50.Kf3 Kd7 51.Kf4 Rxf2+ 52.Kg5 Rf3 53.Rxa2
Rxg3+ 54.Kxh5 Ke6 55.Ra3 Kf6 56.Kh6 Kf7 57.h5 Kf6 58.Kh7 Rg4 59.Kh6 Rg3 
60.Ra6+ Kf7 61.Ra3 Kf6 62.Kh7 Rg7+ 63.Kh6 Re7 64.Ra6+ Kf7 65.Ra3 Kf6 66.
Ra6+ Kf7 67.Ra3 Kf6 1/2-1/2

[Event "19th EUR-ch"]
[Site "Batumi GEO"]
[Date "2018.03.19"]
[Round "3.148"]
[White "Qalichava, Akaki"]
[Black "Smolin, Sergey"]
[Result "0-1"]
[WhiteElo "1796"]
[BlackElo "2153"]
[EventDate "2018.03.17"]
[PlyCount "70"]

1.e4 g6 2.d4 Bg7 3.f4 d5 4.e5 h5 5.Nf3 Nh6 6.Bd3 Bf5 7.c3 e6 8.Be3 Bf8 9.
Qe2 Nd7 10.Nbd2 Be7 11.Bf2 c5 12.O-O c4 13.Bxf5 Nxf5 14.b3 b5 15.a4 a6 16.
Rfb1 O-O 17.Nf1 bxa4 18.bxc4 dxc4 19.Rxa4 Nb6 20.Ra2 Nd5 21.Qd2 a5 22.Ng5 
Bxg5 23.fxg5 a4 24.Rba1 Qa5 25.Re1 Rfb8 26.Qc1 Rb3 27.Ra3 Rxa3 28.Qxa3 Qb5
29.Nd2 Nde3 30.Rb1 Qd5 31.Nf3 Qe4 32.Qa2 a3 33.Ra1 Qd3 34.Qd2 a2 35.Rxa2 
Qf1# 0-1